000 00630cam a22001935a 4500
001 L141198
008 071102s1866 xxk eng u
035 _a(Sirsi) u141198
041 0 _aeng
110 1 _aUnited Kingdom
_bParliament
_bHouse of Commons
_92119
245 0 0 _aSale of land by auction bill
_bpetition of auctioneers in the Metropolis
260 _aLondon
_bHouse of Commons
_c1866
300 _a3 p.
_c35 p., folded to 20 x 9 cm.
340 _aPrinted
351 _cSingle item
651 4 _aUnited Kingdom
690 _aPROPERTY-PROPERTY ACQUISITION AND DISPOSAL-ACQUISITION AND DISPOSAL AT AUCTION
942 _n0
999 _c116656
_d116656